[Event "Prague KS op-B"]
[Site "Prague"]
[Date "2007.??.??"]
[Round "7"]
[White "Silhavy, Miroslav"]
[Black "Halama, Josef"]
[Result "1-0"]
[WhiteElo "1308"]
[BlackElo "1000"]
[PlyCount "57"]
[EventDate "2007.??.??"]
[EventType "swiss"]
[EventRounds "7"]
[EventCountry "CZE"]
[SourceTitle "EXT 2008"]
[Source "ChessBase"]
[SourceDate "2007.11.25"]
[SourceVersion "1"]
[SourceVersionDate "2007.11.25"]
[SourceQuality "1"]

1. d4 Nc6 2. Nf3 Nf6 3. Nc3 e6 4. e4 d5 5. e5 Ng4 6. h3 Nh6 7. Be3 f6 8. Bb5 Bd7 9. Bf4 g5 10. Bh2 Qe7 11. Bxc6 Bxc6 12. exf6 Qxf6 13. Be5 Qg6 14. Bxh8 Bg7 15. Bxg7 Qxg7 16. Qe2 Qe7 17. Ne5 0-0-0 18. Nxc6 bxc6 19. Qa6+ Kd7 20. Qxa7 e5 21. 0-0 e4 22. Qc5 Qe6 23. a4 e3 24. fxe3 Qxe3+ 25. Kh1 Qg3 26. Rf3 Qh4 27. Nxd5 g4 28. Nf6+ Kc8 29. Qxc6 1-0